Como entrenar el grupo de trabajo (Registro nro. 1451)
[ vista simple ]
| 000 -Cabecera | |
|---|---|
| Campo de control de longitud fija | 00708aam a2200265 4500 |
| 005 - Fecha y hora de la última transacción | |
| Campo de control | 20241111130120.0 |
| 008 - Elementos de longitud fija--Información general | |
| Campo de control de longitud fija | 150623b xxu||||| |||| 00| 0 spa d |
| 041 ## - Idioma | |
| Código de idioma | |
| 082 ## - Clasificación Decimal Dewey | |
| Número de clasificación | 658.3 P792c |
| 100 ## - Entrada principal--Autor personal | |
| Nombre personal | Ponce Roth, Mirna |
| 9 (RLIN) | 26394 |
| 245 ## - Título propiamente dicho | |
| Título | Como entrenar el grupo de trabajo |
| 260 ## - Pie de imprenta | |
| Lugar de publicación, distribución, etc. | Argentina |
| 260 ## - Pie de imprenta | |
| Nombre del editor, distribuidor, etc. | VALLETA EDICIONES |
| 260 ## - Pie de imprenta | |
| Fecha de publicación, distribución, etc. | 2001 |
| 300 ## - Descripción física | |
| Extensión | 109 páginas |
| 650 ## - Materia general | |
| Temática (materia general) | ADMINISTRACIÓN DE PERSONAL |
| 650 ## - Materia general | |
| Temática (materia general) | COMPLEJIDAD PARA QUE PUEDAN TRABAJAR EN EQUIPO |
| 650 ## - Materia general | |
| Temática (materia general) | TRABAJO EN EQUIPO |
| 650 ## - Materia general | |
| Temática (materia general) | REUNIONES |
| 650 ## - Materia general | |
| Temática (materia general) | RECURSOS HUMANOS |
| 650 ## - Materia general | |
| Temática (materia general) | NEGOCIOS |
| 650 ## - Materia general | |
| Temática (materia general) | CAPACIRTACIÓN DE EMPLEADOS |
| 942 ## - Punto de acceso adicional KOHA | |
| Tipo de ítem KOHA | Libro |
| Fuente del sistema de clasificación o colocación | Dewey Decimal Classification |
| Signatura completa | Código de barras | Programa Académico | Tipo de ítem |
|---|---|---|---|
| 658.3 P792c | 10456 | Libro |